| 000 | 00615nam a22002297a 4500 | ||
|---|---|---|---|
| 001 | 19090 | ||
| 003 | BD-RjUL | ||
| 005 | 20211209000401.0 | ||
| 008 | 140223s1967 enk||||| |||| 001 0 eng d | ||
| 035 | _a(BD-RjUL)19148 | ||
| 040 |
_aBD-RjUL _beng _cBD-RjUL _dBD-RjUL |
||
| 041 | _aeng | ||
| 082 | 0 | 4 |
_a813.3 _bJAH 1967 |
| 100 | 1 |
_a James,Henry _958847 |
|
| 245 | 1 |
_aHawthorne / _cby Henry James |
|
| 260 |
_aLondon : _bMacmillan, _c1967 |
||
| 300 |
_a177 p. ; _c19 cm. |
||
| 504 | _aInclude index | ||
| 650 | 0 |
_a Hawthorne _x Nathaniel _y 1804-1864. _958848 |
|
| 700 | 1 |
_aTanner, Tony _954915 |
|
| 942 |
_2ddc _cBK |
||
| 999 |
_c19090 _d19090 |
||